Statistics for Countries closer to Saint John’s than Vancouver is

Click here to take the quiz!

General Stats

  • This quiz has been taken 11 times
  • The average score is 61 of 63

Answer Stats

KmCountry% Correct
4,366Algeria
100%
4,215Andorra
100%
4,560Austria
100%
3,848Barbados
100%
3,944Belgium
100%
4,556Belize
100%
4,778Brazil
100%
4,301Colombia
100%
4,986Costa Rica
100%
4,930Croatia
100%
3,588Cuba
100%
1,459Denmark
100%
3,629Dominica
100%
3,489Dominican Republic
100%
4,940El Salvador
100%
4,877Estonia
100%
4,535Finland
100%
269France
100%
3,992Grenada
100%
4,378Guyana
100%
3,544Haiti
100%
4,583Honduras
100%
2,570Iceland
100%
3,026Ireland
100%
4,448Italy
100%
4,895Latvia
100%
4,569Liechtenstein
100%
4,927Lithuania
100%
4,200Luxembourg
100%
4,195Mexico
100%
4,591Monaco
100%
4,043Morocco
100%
3,453Netherlands
100%
4,567Nicaragua
100%
4,864Panama
100%
4,598Poland
100%
1,948Portugal
100%
4,908Russia
100%
3,467Saint Kitts and Nevis
100%
3,786Saint Lucia
100%
3,869Saint Vincent and the Grenadines
100%
5,006Slovakia
100%
4,880Slovenia
100%
3,400Spain
100%
4,614Suriname
100%
4,257Sweden
100%
4,369Switzerland
100%
4,078Trinidad and Tobago
100%
1,963United Kingdom
100%
1,135United States
100%
4,238Venezuela
100%
3,411Antigua and Barbuda
89%
3,153Bahamas
89%
4,608Czech Republic
89%
4,163Germany
89%
4,672Guatemala
89%
3,904Jamaica
89%
4,281Mauritania
89%
3,454Norway
89%
4,934San Marino
89%
4,791Senegal
89%
4,206Cape Verde
78%
4,749Mali
78%

Score Distribution

Percentile by Number Answered

Percent of People with Each Score

Your Score History

You have not taken this quiz